Melt My Eyez See Your Future - Denzel Curry - Statistics

General Stats
  • This quiz has been taken 23 times
  • The average score is 12 of 14
Answer Stats
Songs Plays Artists % Correct
Melt Session #1 24,752,574 Denzel Curry, Robert Glasper
100%
Walkin 151,183,809 Denzel Curry
100%
Troubles 27,308,390 Denzel Curry, T-Pain
90%
Zatoichi 19,394,548 Denzel Curry, slowthai
90%
Ain't No Way 21,023,890 Denzel Curry, JID, Rico Nasty, 6LACK, Jasiah, Kitty Ca$h
86%
Mental 16,986,388 Denzel Curry, Saul Williams, Bridget Perez
86%
Angelz 11,357,078 Denzel Curry, Karriem Riggins
81%
John Wayne 11,047,925 Denzel Curry, Buzzy Lee
81%
Sanjuro 29,262,453 Denzel Curry, 454
81%
The Ills 12,974,487 Denzel Curry
81%
The Last 16,355,714 Denzel Curry
76%
X-Wing 48,167,425 Denzel Curry
76%
Worst Comes to Worst 16,556,302 Denzel Curry
67%
The Smell Of Death 8,366,692 Denzel Curry
62%
No matching quizzes found
Score Distribution
Percent of People with Each Score
Percentile by Number Answered
Your Score History
You have not taken this quiz